000 00412nam a2200145 4500
001 5910
005 20250624150806.0
008 250624b |||||||| |||| 00| 0 eng d
020 _a9788121606752
022 _a9788121606752
245 0 0 _aOld path white cloud:
_bwalking in the footsteps of the Buddha.
260 0 0 _aNew Delhi:
_bFull circle publishing Pvt.Ltd.
_c 1997.
300 0 0 _a 575 p.
942 _2ddc
_cMAIN
999 _c10449
_d10450